| 000 | 00589nam a2200205 4500 | ||
|---|---|---|---|
| 999 |
_c196569 _d196569 |
||
| 005 | 20230818142754.0 | ||
| 010 | _aENG-137423 | ||
| 020 |
_a9789392080708 _c175.00 |
||
| 035 | _aEN-120955 | ||
| 037 | _bDBAD/PUB | ||
| 082 | _a155.9 | ||
| 100 | _qKaur,Harpreet | ||
| 245 |
_aEnvironmental Psychology / _cby Harpreet Kaur |
||
| 260 |
_aNew Delhi _bkitab Mahal Publishers _c2023 |
||
| 270 |
_a4655/21, Ansari Road(G.F) Daryaganj _bNew Delhi _e110002 |
||
| 300 |
_a134p. _c21cm(pbk) |
||
| 700 | _aJaggi,Pooja | ||
| 700 | _aSingh,Kavita | ||
| 942 |
_2ddc _cEN _h155.9 _mKAU |
||